000 01145nam a22003617a 4500
001 0004530
003 KOHA_MİRAKIL
005 20260207001416.0
007 ta
008 090508b1996 tu |||gr||||#0|||0|tur |
020 _a9753910347
040 _aTR-BiSEU
_btur
_cTR-BiSEU
_erda
041 0 _atur
044 _ctu
050 _aDR592
_b.A76 1996
100 1 _aArmstrong, H.C..
245 1 _aBozkurt :
_bKemal Atatürk'ün yaşamı/
_cH.C. Armstrong ; H.C. Armstrong; çeviren Gül Çağalı Güven.
264 1 _aİstanbul :
_bARBA,c1996.
_c1996
300 _axxi, 278 sayfa; 23 cm.
336 _ametin
_btxt
_2rdacontent
337 _aaracısız
_bn
_2rdamedia
338 _acilt
_bnc
_2rdacarrier
490 1 _aArba Yayınları;73, Tarih/Anı Dizisi;
500 _aDizin var.
650 0 _aKemalism.
_97013
650 0 _aTurkey-- Politics and government--1918-1923.
_911148
650 0 _aTurkey--Political activity.
_99766
650 0 _aAtaturk Kemal
_d1881-1938.
_911149
650 0 _aTurkey--Intellectual life.
_97401
830 1 _aArba Yayınları;73, Tarih/Anı Dizisi;
_911150
907 _aTarih
942 _2lcc
_cBK
999 _c4512
_d4512